000 01098nam a22002297a 4500
005 20260120152912.0
010 _aB-777889
020 _c250.00
_a978819041998
035 _aB-777889
037 _bउपहार
082 _a
100 _aगिजुभाई
_986653
245 _aगिजुभाई बाल कथाएँ संग दिवास्वप्न /
_cगिजुभाईः अनिकेत शौनक द्वारा संपादित
260 _aदिल्ली
_bस्टेटफॉरर्वड पब्लिशर्स(प्रा.)लि.
_c2024
270 _aएफ-3/139, सैक्टर-16, रोहिणी
_bनई दिल्ली
_k110089
300 _a172पृ.
_c22सेमी (अजिल्द)
650 _aलघु कथाएँ, हिन्दी
_986654
650 _aShort Stories, Hindi
_986655
700 _aअनिकेत शौनक
_986656
942 _2ddc
_cCH
_h
_mगिजुभा
999 _c214327
_d214327